Účetnictví samostatně hospodařících rolníků.
Povinnosť samostatne hospodáriacich roľníkov vyhotovovať účtovné doklady podľa Zásad vedenia účtovníctva pri súkromnom podnikaní občanov. Zachytenie účtovných prípadov podľa zásad jednoduchého účtovníctva. Zásady podvojného účtovníctva.
Salvato in:
| Autore principale: | |
|---|---|
| Natura: | Capitolo di libro |
| Lingua: | ceco |
| Soggetti: | |
| Tags: |
Nessun Tag, puoi essere il primo ad aggiungerne!!
|
MARC
| LEADER | 00000naa a2200000 4500 | ||
|---|---|---|---|
| 001 | r004794 | ||
| 005 | 20221125075919.1 | ||
| 041 | 0 | |a cze | |
| 044 | |a [CS] | ||
| 245 | 1 | 0 | |a Účetnictví samostatně hospodařících rolníků. |c J. Bosák |
| 520 | |a Povinnosť samostatne hospodáriacich roľníkov vyhotovovať účtovné doklady podľa Zásad vedenia účtovníctva pri súkromnom podnikaní občanov. Zachytenie účtovných prípadov podľa zásad jednoduchého účtovníctva. Zásady podvojného účtovníctva. | ||
| 610 | 2 | 0 | |a účtovníctvo jednoduché |
| 610 | 2 | 0 | |a účtovníctvo podvojné |
| 610 | 2 | 0 | |a podnikanie súkromné |
| 610 | 2 | 0 | |a poľnohospodárstvo |
| 610 | 2 | 0 | |a roľníci jednotlivo hospodáriaci |
| 100 | 1 | |a Bosák, J. | |